000 00618cam a22002291 4500
001 ne 62001608
003 DLC
005 20260227111738.0
008 881028s1961 xx 000 0 ara
010 _ane 62001608
035 _a(OCoLC)23496870
040 _aDLC
_cMiU
_dDLC
042 _apremarc
050 0 0 _aPJ7840.A38
_bM38
100 1 _aJalāl, Ibrāhīm.
245 0 3 _aal-Malik al-Ṣāliḥ Ṭalāʼlʻ.
260 _c[1961]
300 _a50 p.
_c20 cm.
500 _aRomanized.
600 2 0 _aṬalāʼlʻ ibn Ruzzīk, al-Malik al-Sāliḥ,
_d1101 or 1102-1161
_vDrama.
830 0 _aAlf kitāb.
_v340.
999 _c45324
_d45324